Politika zdaňovania offshore center
Pojem a využívanie daňových rajov. Faktory ovplyvňujúce výber vhodnej krajiny. Zdaňovanie pri finančnom investovaní. Boj medzinárodných organizácií proti daňovým rajom.
Salvato in:
| Autore principale: | |
|---|---|
| Natura: | Capitolo di libro |
| Lingua: | slovacco |
| Soggetti: | |
| Tags: |
Nessun Tag, puoi essere il primo ad aggiungerne!!
|
MARC
| LEADER | 00000naa a2200000 4500 | ||
|---|---|---|---|
| 001 | 0165320 | ||
| 005 | 20240522084548.4 | ||
| 041 | 0 | |a slo | |
| 044 | |a SK | ||
| 245 | 1 | 0 | |a Politika zdaňovania offshore center |c Ivana Lennerová |
| 520 | |a Pojem a využívanie daňových rajov. Faktory ovplyvňujúce výber vhodnej krajiny. Zdaňovanie pri finančnom investovaní. Boj medzinárodných organizácií proti daňovým rajom. | ||
| 610 | 2 | 0 | |a stratégia investičná |
| 610 | 2 | 0 | |a investovanie |
| 610 | 2 | 0 | |a raje daňové |
| 610 | 2 | 0 | |a manažment finančný |
| 610 | 2 | 0 | |a offshore |
| 100 | 1 | |a Lennerová, Ivana, 1979- | |